| 000 | 00613nam a22002057a 4500 | ||
|---|---|---|---|
| 005 | 20240125151502.0 | ||
| 010 | _aENG-139040 | ||
| 020 |
_a9789394406353 _c199.00 |
||
| 035 | _aEN-122572 | ||
| 037 | _bDBAD/PUB | ||
| 082 |
_a954 _21 |
||
| 100 |
_aSinghal, J.P _961343 |
||
| 245 |
_aCUET Common University Entrance Test / _b / |
||
| 250 | _a1 | ||
| 260 |
_aNew Delhi _bLaxmi Publication |
||
| 270 |
_a113, Golden House , Gurudwara Road , Daryaganj _bNew Delhi _e110002 |
||
| 300 |
_a148 p. _c27 cm(pbk) |
||
| 700 |
_aGilberg, Richard F. _eAuthor _961255 |
||
| 942 |
_2ddc _cEN _h000 _mIND |
||
| 999 |
_c200408 _d200408 |
||